00555nam a2200169 4500999001900000008004100019100002600060245007300086260004500159300003300204650002100237650002400258700002200282773004500304906002400349942001200373 c512439d512439191122b ||||| |||| 00| 0 eng d aKasdin, Stuart913701 aContracts, agency vulnerability, and the allocation of federal funds bAmerican Review of Public Administration a49(6), Aug, 2019: p.720-732. aContracts913702 aContracting 913703 aLin, Luona913704 aAmerican Review of Public Administration aGovernment purchase 2ddccAR